000
00300nam a22001217a 4500
008
220110b ||||| |||| 00| 0 eng d
020
_a
9789386062215
050
_a
362
_b
1
245
_a
A Birth That Changed A Nation
260
_a
New Delhi
_b
SAGE Publications
_c
2017
300
_a
1
942
_2
ddc
_c
BK
999
_c
11940
_d
11940